Tous les gagnants du trophée FIFA The Best - Statistiques

Statistiques générales
  • Ce quiz a été pris 82 fois
  • Le résultat moyen est 32 sur 35
Statistiques - réponses
Année Joueur Nationalité % Correct
2017 Cristiano Ronaldo Portugal
100%
2016 Cristiano Ronaldo Portugal
100%
2014 Cristiano Ronaldo Portugal
100%
2013 Cristiano Ronaldo Portugal
100%
2008 Cristiano Ronaldo Portugal
100%
2023 Lionel Messi Argentine
100%
2022 Lionel Messi Argentine
100%
2019 Lionel Messi Argentine
100%
2015 Lionel Messi Argentine
100%
2012 Lionel Messi Argentine
100%
2011 Lionel Messi Argentine
100%
2010 Lionel Messi Argentine
100%
2009 Lionel Messi Argentine
100%
2002 Ronaldo Nazario Bresil
100%
1997 Ronaldo Nazario Bresil
100%
1996 Ronaldo Nazario Bresil
100%
2018 Luka Modric Croatie
99%
2025 Ousmane Dembélé France
99%
2021 Robert Lewandowski Pologne
99%
2020 Robert Lewandowski Pologne
99%
2003 Zinedine Zidane France
99%
2000 Zinedine Zidane France
99%
1998 Zinedine Zidane France
99%
2007 Kaka Bresil
96%
2005 Ronaldinho Bresil
96%
2004 Ronaldinho Bresil
96%
2024 Vinicius Junior Bresil
94%
1995 George Weah Liberia
91%
2001 Luis Figo Portugal
91%
2006 Fabio Cannavaro Italie
88%
1999 Rivaldo Bresil
72%
1992 Marco Van Basten Pays-Bas
68%
1993 Roberto Baggio Italie
61%
1994 Romario Bresil
51%
1991 Lothar Matthaus Allemagne
42%
Aucun quiz correspondant
Distribution des résultats
% des personnes avec chaque résultat
Percentile par nombre de réponses
Votre historique - résultats
Vous n’avez pas pris ce quiz